000 00475nam a2200181Ia 4500
005 20251020182527.0
008 200515s9999 xx 000 0 und d
082 _a693.5/T11
100 _aTABERA, Antonio MARIA-TOME, Javier
245 0 _aEstructuras de hormigón en edificaciones urbanas e industriales
260 _aBarcelona
260 _c1976
500 _a1 ejemplar
650 _aESTRUCTURAS
650 _aESTRUCTURAS DE CONCRETO
650 _aLIB
942 _cLIB
999 _c1951
_d1951